| 000 | 01203nam a2200229Ia 4500 | ||
|---|---|---|---|
| 001 | L149-998 | ||
| 003 | IT-CnALBA | ||
| 008 | 170116s9999||||xx |||||||||||||| ||und|| | ||
| 040 |
_aIT-CnALBA _cIT-CnALBA |
||
| 041 | _aITALIANO | ||
| 100 | _aBERGHIN-ROSÈ GUIDO | ||
| 245 | 0 | _aELEMENTI DI FILOSOFIA VOL. VII. MORALE. | |
| 250 | _a5a ed. | ||
| 260 |
_a TORINO - ROMA _bMARIETTI EDITORE _c1961 [1° Ed.: n.d.] |
||
| 300 | _a390 p. | ||
| 500 | _aMORALE GENERALE. MORALITÀ LEGGE MORALE. QUESTIONI SULLA MORALITÀ. MORALE SPECIALE: DIRITTO MORALE INDIVIDUALE MORALE SOCIALE. SOCIETÀ FAMIGLIA STATO. SOCIETÀ INTERNAZIONALE. QUESTIONE SOCIALE. LIBERALISMO SOCIALISMO SOLUZIONE CRISTIANA. PROPRIETÀ LAVORO A | ||
| 501 | _aSocietà San Paolo EM - Piazza San Paolo, 14 - 12051 ALBA (CN) (non commercial uses only) ® Copyright 2017 | ||
| 520 | _aMORALE GENERALE. MORALITÀ LEGGE MORALE. QUESTIONI SULLA MORALITÀ. MORALE SPECIALE: DIRITTO MORALE INDIVIDUALE MORALE SOCIALE. SOCIETÀ FAMIGLIA STATO. SOCIETÀ INTERNAZIONALE. QUESTIONE SOCIALE. LIBERALISMO SOCIALISMO SOLUZIONE CRISTIANA. PROPRIETÀ LAVORO A | ||
| 650 | _aALTRI SISTEMI E DOTTRINE FILOSOFICHE | ||
| 942 | _cBK | ||
| 957 | _71 | ||
| 999 |
_a1090 _bNO _g Copie: 1 _c260227 _d260227 |
||